书目信息 |
| 题名: |
红领巾创造进行曲
|
|
| 作者: | ;山东省少先队工作委员会办公室 编 | |
| 分册: | ||
| 出版信息: | 济南 明天出版社 1986 |
|
| 页数: | 365页 | |
| 开本: | 19cm | |
| 丛书名: | ||
| 单 册: | ||
| 中图分类: | D432.51 | |
| 科图分类: | ||
| 主题词: | 少年先锋队活动--经验--中国 , 少年先锋队活动 | |
| 电子资源: | ||
| ISBN: | 7333.76 | |
| 000 | 00768nam0 2200241 450 | |
| 001 | 0186015514 | |
| 005 | 20100712221736.0 | |
| 010 | @a7333.76@dCNY1.40 | |
| 091 | @a7333.76 | |
| 100 | @a19960215d1986 am y0chiy0110 ea | |
| 101 | 0 | @achi |
| 102 | @aCN@b370000 | |
| 105 | @ag z 000yy | |
| 106 | @ar | |
| 200 | 1 | @a红领巾创造进行曲@9Hong;Gong Ling Jin Chuang Zao Jin Xing;Hang;Heng Qu @f山东省少先队工作委员会办公室编 |
| 210 | @a济南@c明天出版社@d1986 | |
| 215 | @a365页@d19cm | |
| 606 | 0 | @a少年先锋队活动@x经验@y中国 |
| 606 | 0 | @a少年先锋队活动 |
| 690 | @aD432.51@v3 | |
| 711 | 02 | @a山东省少先队工作委员会办公室@9shan dong sheng shao xian dui gong zuo wei yuan hui ban gong shi@4编 |
| 801 | 0 | @aCN@b91MARC@c20130904 |
| 905 | @aBZT@dD432.51@e1@f1@sD432.51/1 | |
| 红领巾创造进行曲/山东省少先队工作委员会办公室编.-济南:明天出版社,1986 |
| 365页;19cm |
| ISBN 7333.76:CNY1.40 |
| ● |
| 相关链接 |
|
|
|
正题名:红领巾创造进行曲
索取号:D432.51/1
 
预约/预借
| 序号 | 登录号 | 条形码 | 馆藏地/架位号 | 状态 | 备注 |
| 1 | 2000125891 | 2000125891 | 旧书回溯/ [索取号:D432.51/1] | 在馆 |